01393nab a22002297a 4500999001500000003000400015005001700019008004100036040000700077100002900084245022400113260007300337300001400410500004500424505033800469505008900807650002300896650003700919700004700956773014701003942001301150 c5483d5483OSt20251210102706.0190604e xxu||||| |||| 00| 0 spa d cPJ 96479aDi Nicco, Jorge A.13aEl cuidado de nuestra casa común y el respeto en su integridad por la dignidad humana que nos dejó el papa Francisco. Su correlato con el instituto de la usucapión /cJorge A. Di Nicco, Martín Darío Benítez. aCiudad Autónoma de Buenos Aires :bThomson Reuters La Ley, c2025. ap. 93-126 aCita Online: TR LALEY AR/DOC/1802/2025.  aSumario: I. Introducción.— II. La carta encíclica Laudato si y la exhortación apostólica Laudate Deum.— III. La legislación canónica en Argentina.— IV. La usucapión en el Código Civil y Comercial.— V. La Iglesia católica como parte actora o demandada en el juicio de usucapión.— VI. Reflexiones finales. t¿Te interesa el texto completo? Solicitalo al correo: koha@justierradelfuego.gov.ar 09352aDERECHO CIVIL 092324aPRESCRIPCIÓN ADQUISITIVA 96006aBenítez, Martín Daríoecoautor0 0271493171dCiudad Autónoma de Buenos Aires : Thomson Reuters La Ley, 2014-tRevista anales de legislación argentina. Nº 8 - Agosto 2025. 2udccANA